Getting deals done: the use of social networks in bank decision making (Record no. 50947)

000 -LEADER
fixed length control field 00455pab a2200169 454500
008 - FIXED-LENGTH DATA ELEMENTS--GENERAL INFORMATION
fixed length control field 180718b2001 xxu||||| |||| 00| 0 eng d
100 ## - MAIN ENTRY--PERSONAL NAME
Personal name Mizruchi, Mark S.
245 ## - TITLE STATEMENT
Title Getting deals done: the use of social networks in bank decision making
260 ## - PUBLICATION, DISTRIBUTION, ETC.
Date of publication, distribution, etc. 2001
300 ## - PHYSICAL DESCRIPTION
Extent p.647-71
362 ## - DATES OF PUBLICATION AND/OR SEQUENTIAL DESIGNATION
Dates of publication and/or sequential designation Oct
650 ## - SUBJECT ADDED ENTRY--TOPICAL TERM
Topical term or geographic name entry element Decision making
650 ## - SUBJECT ADDED ENTRY--TOPICAL TERM
Topical term or geographic name entry element Banks
700 ## - ADDED ENTRY--PERSONAL NAME
Personal name Stearns, Linda Brewster
773 ## - HOST ITEM ENTRY
Main entry heading American Sociological Review
909 ## -
-- 50947
Holdings
Withdrawn status Lost status Damaged status Not for loan Permanent Location Current Location Date acquired Serial Enumeration / chronology Barcode Date last seen Price effective from Koha item type
        Indian Institute of Public Administration Indian Institute of Public Administration 2018-07-19 Volume no: 66, Issue no: 5 AR51375 2018-07-19 2018-07-19 Articles

Powered by Koha